Homer Simpson's Jobs by Picture Quiz Stats

 Plays Quiz Updated Mar 14, 2015

Challenge
Share
Tweet
Score 0/16 Timer 03:00
4 Plays Today
Job % Correct
Boxer
96.3%
Soccer Referee
95.7%
Astronaut
93.5%
Truck Driver
92.2%
Mall Santa
91.9%
Blackjack Dealer
90.4%
Tomacco Farmer
88.7%
Mr. Plow
84.8%
Job % Correct
Sanitation Commissioner
83.8%
Ordained Minister
81.7%
Monorail Conductor
78%
Dancin' Homer mascot
67.2%
Food Critic
60.2%
Bootlegger
45.4%
SpringShield Police Chief
44.4%
Chiropractor
43.1%

You're not logged in!

Compare scores with friends on all Sporcle quizzes.
OR
Log In

You Might Also Like...

Show Comments

Extras

Top Quizzes Today


Score Distribution

Your Account Isn't Verified!

In order to create a playlist on Sporcle, you need to verify the email address you used during registration. Go to your Sporcle Settings to finish the process.

Report this User

Report this user for behavior that violates our Community Guidelines.

Details: